仙石東北ラインの停車する駅だけ選ぶ -サドンデス- - Statistics

General Stats
  • This quiz has been taken 28 times
  • The average score is 8 of 19
Answers on the Grid
Answers color-coded by a green-red scale on the quiz's grid according to % correct below.
仙台
あおば通
榴ヶ岡
小鶴新田
岩切
陸前原ノ町
宮城野原
松島
苦竹
東仙台
陸前山王
多賀城
福田町
中野栄
本塩釜
下馬
西塩釜
愛宕
陸前高砂
塩釜
国府多賀城
新利府
東塩釜
陸前浜田
松島海岸
利府
陸前富山
手樽
高城町
野蒜
東名
陸前大塚
陸前小野
鹿妻
矢本
石巻あゆみ野
陸前赤井
万石浦
沢田
女川
浦宿
東矢本
渡波
石巻
陸前稲井
 
Answer Stats
Answer % Correct
仙台
100%
石巻
65%
塩釜
59%
国府多賀城
59%
高城町
53%
陸前山王
47%
矢本
47%
石巻あゆみ野
47%
女川
47%
岩切
41%
東仙台
41%
野蒜
35%
陸前赤井
35%
万石浦
29%
沢田
29%
浦宿
29%
渡波
29%
陸前小野
24%
陸前稲井
24%
No matching quizzes found
Score Distribution
Percent of People with Each Score
Percentile by Number Answered
Your Score History
You have not taken this quiz